Normal view
MARC view
- Hayous, A. W
Entry Personal Name
001 - CONTROL NUMBER
- control field: 4657
003 - CONTROL NUMBER IDENTIFIER
- control field: NUST
005 - DATE AND TIME OF LATEST TRANSACTION
- control field: 20170920105742.0
008 - FIXED-LENGTH DATA ELEMENTS
- fixed length control field: 170920|| aca||aabn | a|a d
040 ## - CATALOGING SOURCE
- Original cataloging agency: NUST
- Transcribing agency: NUST
100 ## - HEADING--PERSONAL NAME
- Personal name: Hayous, A. W
670 ## - SOURCE DATA FOUND
- Source citation: Work cat.: (NUST): Hayous, A. W, Sar zameen Baluchistan /, 2011
